| 000 | 00699nam a2200253 a 4500 | ||
|---|---|---|---|
| 003 | AR-BaBNM | ||
| 005 | 20251128203311.0 | ||
| 008 | 082120s2002 ||||||||||||||000 | spa|| | ||
| 020 | _a950-525-226-3 | ||
| 040 | _cAR-BaBNM | ||
| 100 | 1 | _aAmarante, Ana María | |
| 245 | 0 | 0 | _aEl directivo organiza, administra y orienta la escuela |
| 250 | _a1ª ed. | ||
| 260 |
_aBuenos Aires _bStella _c1993 |
||
| 300 |
_a45 p. _btablas |
||
| 490 | 0 |
_aCuadernos pedagógicos _vv. 18 |
|
| 504 | _aBibliografía en p. 44-45 | ||
| 650 | 4 | _aORGANIZACION ESCOLAR | |
| 650 | 4 | _aADMINISTRACION ESCOLAR | |
| 650 | 4 | _aPROGRAMACION PEDAGOGICA | |
| 653 | _aORIENTACION EDUCATIVA | ||
| 942 | _cBK | ||
| 998 | _cMarce | ||
| 999 |
_c2785 _d2785 |
||